[Event "Bulgaria tch 2005 femenino"]
[Site "Sunny Beach BUL"]
[Date "2005.09.29"]
[Round "6.2"]
[White "Nedelcheva, Vania"]
[Black "Draganova, Petranka"]
[Result "0-1"]
[WhiteElo "1705"]
[BlackElo "2069"]
[PlyCount "106"]
[EventDate "2005.09.26"]
[EventType "tourn"]
[EventRounds "9"]
[EventCountry "BUL"]
[Source "lmi"]
[SourceDate "2005.10.02"]

1. c4 Nf6 2. Nc3 c6 3. Nf3 d5 4. cxd5 cxd5 5. d4 Nc6 6. Bf4 e6 7. e3 a6 8. Be2
Bd7 9. Rc1 Rc8 10. O-O Na5 11. Ne5 Nc4 12. b3 Na5 13. Nxd7 Nxd7 14. Na4 Ba3 15.
Rxc8 Qxc8 16. Qd2 Nc6 17. Nc3 Qd8 18. Nb1 Bb4 19. Qb2 Nf6 20. a3 Bd6 21. Bxd6
Qxd6 22. Nd2 O-O 23. Rc1 Nd7 24. Qa1 Na7 25. Rc2 Rc8 26. Rxc8+ Nxc8 27. Qc1 Na7
28. h3 Qc6 29. Qxc6 Nxc6 30. Bd3 Kf8 31. Kf1 Ke7 32. Ke2 h6 33. Nb1 Nb6 34. Nd2
Nc8 35. g3 Nd6 36. Nb1 Kd7 37. Kd1 Ne4 38. Bxe4 dxe4 39. Nc3 f5 40. Na4 Nd8 41.
Nc5+ Kc6 42. Kc2 e5 43. Kc3 Kd5 44. b4 exd4+ 45. exd4 g5 46. h4 f4 47. hxg5
hxg5 48. gxf4 gxf4 49. a4 f3 50. b5 axb5 51. axb5 Ne6 52. Kd2 Nxc5 53. dxc5
Kxc5 0-1

[Event "Bulgaria tch 2005 femenino"]
[Site "Sunny Beach BUL"]
[Date "2005.09.29"]
[Round "6.3"]
[White "Collas, Silvia"]
[Black "Vladimirova, Maria"]
[Result "1-0"]
[WhiteElo "2372"]
[BlackElo "1953"]
[PlyCount "54"]
[EventDate "2005.09.26"]
[EventType "tourn"]
[EventRounds "9"]
[EventCountry "BUL"]
[Source "lmi"]
[SourceDate "2005.10.02"]

1. Nf3 d5 2. d4 c5 3. c4 dxc4 4. d5 e6 5. e4 Nf6 6. Nc3 exd5 7. e5 Nfd7 8. Qxd5
Be7 9. Bxc4 O-O 10. Qe4 Nc6 11. O-O Kh8 12. Rd1 Qe8 13. Nb5 f5 14. Qe2 Qg6 15.
Nc7 Nb6 16. Nxa8 Nxc4 17. Qxc4 Be6 18. Qb5 f4 19. Nc7 Bg4 20. Kf1 Nd4 21. Rxd4
cxd4 22. Nd5 Qe4 23. Nxe7 d3 24. Bd2 Bxf3 25. gxf3 Qxf3 26. Qd5 Qe3 27. Kg1
Qxd2 1-0

[Event "Bulgaria tch 2005 femenino"]
[Site "Sunny Beach BUL"]
[Date "2005.09.29"]
[Round "6.3"]
[White "Vladimirova, Diana"]
[Black "Shtereva, Slaveja"]
[Result "0-1"]
[WhiteElo "1771"]
[BlackElo "2118"]
[PlyCount "108"]
[EventDate "2005.09.26"]
[EventType "tourn"]
[EventRounds "9"]
[EventCountry "BUL"]
[Source "lmi"]
[SourceDate "2005.10.02"]

1. e4 c5 2. Nc3 Nc6 3. g3 g6 4. d3 Bg7 5. Be3 b6 6. Qd2 Bb7 7. Bg2 d6 8. Nf3
Qd7 9. d4 cxd4 10. Nxd4 Ne5 11. O-O Nc4 12. Qc1 h5 13. h3 Rc8 14. b3 Nxe3 15.
Qxe3 Qc7 16. Nd5 Bxd5 17. exd5 Qc3 18. Rad1 Qxe3 19. fxe3 Bxd4 20. Rxd4 Rxc2
21. Ra4 Rc7 22. Rff4 Nf6 23. Ra6 O-O 24. Rfa4 Rc1+ 25. Kf2 Rfc8 26. Rc4 R1xc4
27. bxc4 Rc7 28. Ke2 Nd7 29. Kd2 Kg7 30. Kc3 Kf6 31. Kd4 Ne5 32. Bf1 Nf3+ 33.
Kd3 h4 34. g4 Ke5 35. Ra3 f5 36. gxf5 Kxf5 37. Be2 Ne5+ 38. Kd4 g5 39. Rc3 Rc5
40. Rc1 Ra5 41. Rc2 Ra4 42. Bd1 Kg6 43. Be2 b5 44. Bd3+ Nxd3 45. Kxd3 Rxc4 46.
Rb2 a6 47. Rf2 g4 48. hxg4 Rxg4 49. Rf8 Ra4 50. Rg8+ Kf6 51. Rg2 h3 52. Rh2 Rh4
53. e4 Ke5 54. Kc3 Kxe4 0-1

[Event "Bulgaria tch 2005 femenino"]
[Site "Sunny Beach BUL"]
[Date "2005.09.29"]
[Round "6.4"]
[White "Voiska, Margarita"]
[Black "Andreeva, Plamena"]
[Result "1/2-1/2"]
[WhiteElo "2328"]
[BlackElo "2072"]
[PlyCount "58"]
[EventDate "2005.09.26"]
[EventType "tourn"]
[EventRounds "9"]
[EventCountry "BUL"]
[Source "lmi"]
[SourceDate "2005.10.02"]

1. b3 d5 2. Bb2 Nf6 3. e3 c5 4. Nf3 e6 5. d4 a6 6. Bd3 Nc6 7. O-O Be7 8. Nbd2
O-O 9. Ne5 Qc7 10. a3 b5 11. Nxc6 Qxc6 12. dxc5 Qxc5 13. e4 Bb7 14. b4 Qc7 15.
e5 Nd7 16. Re1 f6 17. Qh5 f5 18. Nf3 g6 19. Qh6 Rf7 20. Bd4 Bf8 21. Qg5 Nb6 22.
h4 Nc4 23. Qg3 Rg7 24. Qf4 a5 25. c3 Bc6 26. Nd2 a4 27. Nf3 Be7 28. Ng5 Qd7 29.
Nf3 Rf8 1/2-1/2

[Event "Bulgaria tch 2005 femenino"]
[Site "Sunny Beach BUL"]
[Date "2005.09.29"]
[Round "6.4"]
[White "Andreeva, Veronika"]
[Black "Djingarova, Emilia"]
[Result "0-1"]
[WhiteElo "1905"]
[BlackElo "2277"]
[PlyCount "116"]
[EventDate "2005.09.26"]
[EventType "tourn"]
[EventRounds "9"]
[EventCountry "BUL"]
[Source "lmi"]
[SourceDate "2005.10.02"]

1. d4 Nf6 2. Nf3 e6 3. c4 d5 4. Nc3 c6 5. Bg5 Nbd7 6. cxd5 exd5 7. e3 Be7 8.
Bd3 Ne4 9. Bf4 f5 10. O-O O-O 11. h3 Qe8 12. Nd2 Ndf6 13. Rb1 g5 14. Be5 Nxd2
15. Qxd2 Qh5 16. Qe2 Qh6 17. f3 Be6 18. Kf2 f4 19. Ke1 Nh5 20. Rg1 fxe3 21.
Qxe3 Nf4 22. Bc2 Rae8 23. Ne2 Ng6 24. Bxg6 Qxg6 25. Kd2 Bb4+ 26. Nc3 Bf5 27.
Rbc1 Bd6 28. Ne2 Bxe5 29. dxe5 Qg7 30. Nd4 Rxe5 31. Nxf5 Rexf5 32. Qc3 Qxc3+
33. Rxc3 d4 34. Rc4 Rd8 35. Re1 Kf7 36. Re4 Rfd5 37. b4 d3 38. Re3 a5 39. a3
axb4 40. Rxb4 R8d7 41. Rb3 Kf6 42. g3 h5 43. a4 Ra5 44. Re4 b5 45. axb5 Ra2+
46. Kd1 d2 47. Rb1 cxb5 48. Reb4 Ra3 49. R4b3 b4 50. R3b2 Rxf3 51. Rxd2 Rf1+
52. Ke2 Rxd2+ 53. Kxf1 Rd4 54. Ke2 Ke5 55. Rb3 Kd5 56. Rf3 Kc4 57. Rf8 Kc3 58.
Rf3+ Kc2 0-1

[Event "Bulgaria tch 2005 femenino"]
[Site "Sunny Beach BUL"]
[Date "2005.09.29"]
[Round "6.4"]
[White "Chilingirova, Pavlina"]
[Black "Bednikova, Stefi"]
[Result "1-0"]
[WhiteElo "2200"]
[BlackElo "2053"]
[PlyCount "101"]
[EventDate "2005.09.26"]
[EventType "tourn"]
[EventRounds "9"]
[EventCountry "BUL"]
[Source "lmi"]
[SourceDate "2005.10.02"]

1. c4 g6 2. Nc3 Bg7 3. g3 e5 4. Bg2 Ne7 5. e3 O-O 6. Nge2 c6 7. d4 d6 8. O-O
Na6 9. b3 Nc7 10. Ba3 exd4 11. Nxd4 Re8 12. Rc1 d5 13. Nde2 Be6 14. Bxe7 Rxe7
15. cxd5 Nxd5 16. Nxd5 Rd7 17. Nef4 Bxd5 18. Bxd5 cxd5 19. Qd3 d4 20. Rfd1 Qe7
21. Rc4 Rad8 22. e4 b5 23. Rc2 a6 24. Nd5 Qe6 25. Rdc1 f5 26. f3 fxe4 27. fxe4
Qe5 28. Rc8 Bh6 29. Rxd8+ Rxd8 30. Rf1 Rf8 31. Rxf8+ Bxf8 32. Kg2 Bd6 33. Qf3
Kg7 34. Nf4 Qf6 35. Nd3 Qxf3+ 36. Kxf3 Kf6 37. Ke2 g5 38. Kf3 h5 39. h3 Ke6 40.
g4 h4 41. Ke2 Be7 42. b4 Kf6 43. a3 Ke6 44. Nc1 Ke5 45. Kf3 Ke6 46. Nb3 Ke5 47.
Na5 Ke6 48. Nc6 Bf6 49. Ke2 Kd6 50. Nb8 Ke5 51. Kf3 1-0

[Event "Bulgaria tch 2005 femenino"]
[Site "Sunny Beach BUL"]
[Date "2005.09.30"]
[Round "7.1"]
[White "Vladimirova, Maria"]
[Black "Voiska, Margarita"]
[Result "0-1"]
[WhiteElo "1953"]
[BlackElo "2328"]
[PlyCount "62"]
[EventDate "2005.09.26"]
[EventType "tourn"]
[EventRounds "9"]
[EventCountry "BUL"]
[Source "lmi"]
[SourceDate "2005.10.02"]

1. e4 c5 2. Nf3 Nc6 3. d4 cxd4 4. Nxd4 Nf6 5. Nc3 e5 6. Ndb5 d6 7. Bg5 a6 8.
Bxf6 gxf6 9. Na3 b5 10. Nd5 f5 11. Bxb5 axb5 12. Nxb5 Ra4 13. c4 Rxc4 14. O-O
Bg7 15. Nf6+ Bxf6 16. Nxd6+ Ke7 17. Nxc4 Qxd1 18. Rfxd1 fxe4 19. Nb6 Be6 20.
Nd5+ Bxd5 21. Rxd5 Rb8 22. b3 Ke6 23. Rc5 Nd4 24. Kf1 Ra8 25. Rcc1 Bg5 26. Rd1
Nc2 27. Rab1 Rxa2 28. b4 e3 29. b5 Na3 30. fxe3 Nxb1 31. Rxb1 Bxe3 0-1

[Event "Bulgaria tch 2005 femenino"]
[Site "Sunny Beach BUL"]
[Date "2005.09.30"]
[Round "7.1"]
[White "Djingarova, Emilia"]
[Black "Vladimirova, Diana"]
[Result "1-0"]
[WhiteElo "2277"]
[BlackElo "1771"]
[PlyCount "87"]
[EventDate "2005.09.26"]
[EventType "tourn"]
[EventRounds "9"]
[EventCountry "BUL"]
[Source "lmi"]
[SourceDate "2005.10.02"]

1. e4 e5 2. Bc4 Nf6 3. d3 c6 4. Nf3 d5 5. Bb3 Bd6 6. exd5 cxd5 7. O-O O-O 8.
Bg5 Be6 9. Nc3 Bc7 10. Nb5 Nbd7 11. Nxc7 Qxc7 12. Re1 e4 13. dxe4 dxe4 14. Bxe6
fxe6 15. Nd4 Rae8 16. Bh4 Qb6 17. Nb3 Qb5 18. Qe2 Qxe2 19. Rxe2 Rc8 20. Rd1 e5
21. c3 Rc6 22. h3 Ra6 23. a3 Rc8 24. Nd2 Rd6 25. Rc1 Nc5 26. Bxf6 gxf6 27. Nxe4
Nxe4 28. Rxe4 Rd2 29. Rb4 Rc7 30. Kf1 Kf7 31. Ke1 Rcd7 {Diagram #} 32. Rxb7 $1
Rxb7 33. Kxd2 Rxb2+ 34. Rc2 Rb1 35. c4 Ke6 36. Kc3 a5 37. Rb2 Rc1+ 38. Kb3 Kd6
39. Ka4 Rxc4+ 40. Kxa5 Kd5 41. a4 Rc1 42. Kb6 Rc8 43. Kb7 Rc4 44. a5 1-0

[Event "Bulgaria tch 2005 femenino"]
[Site "Sunny Beach BUL"]
[Date "2005.09.30"]
[Round "7.2"]
[White "Zlatanova, Emilia"]
[Black "Collas, Silvia"]
[Result "0-1"]
[WhiteElo "2147"]
[BlackElo "2372"]
[PlyCount "72"]
[EventDate "2005.09.26"]
[EventType "tourn"]
[EventRounds "9"]
[EventCountry "BUL"]
[Source "lmi"]
[SourceDate "2005.10.02"]

1. e4 c5 2. Nc3 Nc6 3. g3 g6 4. Bg2 Bg7 5. d3 Rb8 6. Be3 d6 7. Qd2 b5 8. h4 h5
9. Nh3 b4 10. Nd1 Nf6 11. f3 a5 12. O-O Ba6 13. Ndf2 Nd7 14. c3 Nb6 15. Rac1 a4
16. cxb4 Nxb4 17. a3 Nc6 18. Rfd1 Nd4 19. Bxd4 Bxd4 20. Nf4 Nd7 21. Rc2 Rb3 22.
Bh3 e5 23. Nd5 Rxd3 24. Bxd7+ Kxd7 25. Qe2 Rxd1+ 26. Qxd1 {Diagram #} g5 $5 27.
Rxc5 Bxc5 28. Qxa4+ Ke6 29. Qxa6 Qc8 30. Qa4 gxh4 31. f4 exf4 32. gxf4 Qg8+ 33.
Kf1 Qg3 34. Qc2 Qxf2+ 35. Qxf2 Bxf2 36. Kxf2 Rg8 0-1

[Event "Bulgaria tch 2005 femenino"]
[Site "Sunny Beach BUL"]
[Date "2005.09.30"]
[Round "7.2"]
[White "Shtereva, Slaveja"]
[Black "Dimitrova, Leila"]
[Result "1/2-1/2"]
[WhiteElo "2118"]
[BlackElo "2119"]
[PlyCount "101"]
[EventDate "2005.09.26"]
[EventType "tourn"]
[EventRounds "9"]
[EventCountry "BUL"]
[Source "lmi"]
[SourceDate "2005.10.02"]

1. c4 Nf6 2. Nc3 d6 3. g3 c6 4. Bg2 e5 5. e4 Be7 6. Nge2 Be6 7. d3 d5 8. exd5
cxd5 9. Qb3 O-O 10. Qxb7 Nbd7 11. Nxd5 Bxd5 12. Bxd5 Nxd5 13. Qxd5 Nc5 14. Qxd8
Rfxd8 15. O-O Nxd3 16. b3 Bc5 17. Be3 Bxe3 18. fxe3 Nb4 19. a3 Nc2 20. Ra2 Nxe3
21. Re1 Rab8 22. Nc1 Nf5 23. b4 Nd4 24. Kf2 f6 25. Ne2 Rbc8 26. Nxd4 Rxd4 27.
c5 Kf7 28. Ke2 Ke6 29. Rd2 Rxd2+ 30. Kxd2 f5 31. Kc3 Rd8 32. b5 Rd5 33. Kb4 e4
34. b6 axb6 35. cxb6 Kd7 36. Rc1 Rd2 37. Ka5 Rb2 38. a4 g5 39. Ka6 e3 40. a5 e2
41. Kb7 f4 42. gxf4 gxf4 43. a6 f3 44. a7 Ra2 45. a8=Q Rxa8 46. Kxa8 f2 47. b7
e1=Q 48. Rxe1 fxe1=Q 49. b8=Q Qa5+ 50. Qa7+ Qxa7+ 51. Kxa7 1/2-1/2

[Event "Bulgaria tch 2005 femenino"]
[Site "Sunny Beach BUL"]
[Date "2005.09.30"]
[Round "7.2"]
[White "Draganova, Petranka"]
[Black "Georgieva, Emilia"]
[Result "1/2-1/2"]
[WhiteElo "2069"]
[BlackElo "2076"]
[PlyCount "58"]
[EventDate "2005.09.26"]
[EventType "tourn"]
[EventRounds "9"]
[EventCountry "BUL"]
[Source "lmi"]
[SourceDate "2005.10.02"]

1. e4 c6 2. d4 d5 3. exd5 cxd5 4. c4 Nf6 5. Nc3 e6 6. c5 g6 7. Nf3 Bg7 8. Bf4
O-O 9. Qd2 Bd7 10. Be2 b6 11. b4 a5 12. Rb1 axb4 13. Rxb4 bxc5 14. dxc5 Nc6 15.
Rb6 Nh5 16. Bd6 Re8 17. Nb5 Qf6 18. O-O Ra4 19. Nc7 Rc8 20. Bb5 Rg4 21. h3
Rxg2+ 22. Kxg2 e5 23. Nxd5 Bxh3+ 24. Kxh3 Qxf3+ 25. Kh2 Nd4 26. Bc4 Qg4 27. Rb3
Qh4+ 28. Kg2 Nxb3 29. axb3 Qg4+ 1/2-1/2

[Event "Bulgaria tch 2005 femenino"]
[Site "Sunny Beach BUL"]
[Date "2005.09.30"]
[Round "7.3"]
[White "Boneva, Zvezdelina"]
[Black "Doncheva, Marinela"]
[Result "1/2-1/2"]
[WhiteElo "2010"]
[BlackElo "2070"]
[PlyCount "70"]
[EventDate "2005.09.26"]
[EventType "tourn"]
[EventRounds "9"]
[EventCountry "BUL"]
[Source "lmi"]
[SourceDate "2005.10.02"]

1. e4 e5 2. Nf3 Nf6 3. Nxe5 d6 4. Nf3 Nxe4 5. d4 d5 6. Bd3 Bd6 7. O-O O-O 8. c4
c6 9. Re1 Bf5 10. Nc3 Nxc3 11. bxc3 Bxd3 12. Qxd3 dxc4 13. Qxc4 Nd7 14. Bg5 Qc7
15. Re4 Nb6 16. Qd3 h6 17. Bh4 Nd5 18. Ne5 f5 19. Ree1 Bxe5 20. Rxe5 g5 21. Bg3
f4 22. c4 Ne7 23. Qe4 Rf7 24. Re1 fxg3 25. hxg3 Kf8 26. Re6 Ng8 27. Qg6 Qd7 28.
R1e4 Rc8 29. f4 gxf4 30. gxf4 b5 31. c5 Rg7 32. Qf5+ Rf7 33. Qg6 Rg7 34. Qf5+
Rf7 35. Qg6 Rg7 1/2-1/2

[Event "Bulgaria tch 2005 femenino"]
[Site "Sunny Beach BUL"]
[Date "2005.09.30"]
[Round "7.3"]
[White "Hristova, Hristina"]
[Black "Nedelcheva, Vania"]
[Result "1/2-1/2"]
[WhiteElo "2080"]
[BlackElo "1705"]
[PlyCount "111"]
[EventDate "2005.09.26"]
[EventType "tourn"]
[EventRounds "9"]
[EventCountry "BUL"]
[Source "lmi"]
[SourceDate "2005.10.02"]

1. b3 g6 2. Bb2 Nf6 3. f4 Bg7 4. Nf3 d5 5. d3 c5 6. e3 Nc6 7. Nbd2 b6 8. g3 Bb7
9. Bg2 e6 10. O-O O-O 11. e4 dxe4 12. dxe4 Nxe4 13. Bxg7 Nxd2 14. Nxd2 Kxg7 15.
Qe2 Qc7 16. Ne4 Rad8 17. Rad1 Rxd1 18. Rxd1 Rd8 19. Rxd8 Qxd8 20. Ng5 Qd4+ 21.
Qf2 Qd1+ 22. Bf1 Nd4 23. c3 h6 24. cxd4 hxg5 25. dxc5 gxf4 26. Qxf4 Qd5 27.
cxb6 axb6 28. Kf2 Qc5+ 29. Qe3 Qxe3+ 30. Kxe3 Bc6 31. Kd4 Kf6 32. Be2 Kf5 33.
h4 e5+ 34. Ke3 b5 35. g4+ Kf6 36. a3 Ke6 37. Bd3 Kf6 38. Be4 Bd7 39. Bf3 Be8
40. Be4 Bd7 41. g5+ Ke6 42. Bc2 Kd6 43. a4 bxa4 44. bxa4 Bc6 45. Bb3 Ke7 46.
Bc4 Bxa4 47. Ke4 f6 48. gxf6+ Kxf6 49. Bd3 Bc6+ 50. Ke3 Bd7 51. Be4 Bf5 52. Bf3
Bb1 53. Bg4 Bf5 54. Bf3 Bb1 55. Bg4 Bf5 56. Bf3 1/2-1/2

[Event "Bulgaria tch 2005 femenino"]
[Site "Sunny Beach BUL"]
[Date "2005.09.30"]
[Round "7.4"]
[White "Velcheva, Maria"]
[Black "Genova, Ruzka"]
[Result "1/2-1/2"]
[WhiteElo "2274"]
[BlackElo "2219"]
[PlyCount "55"]
[EventDate "2005.09.26"]
[EventType "tourn"]
[EventRounds "9"]
[EventCountry "BUL"]
[Source "lmi"]
[SourceDate "2005.10.02"]

1. e4 c5 2. Nf3 d6 3. d4 cxd4 4. Nxd4 Nf6 5. Nc3 e6 6. Be3 a6 7. g4 b5 8. g5
Nfd7 9. a3 Bb7 10. h4 Nc6 11. Nxc6 Bxc6 12. h5 Qc7 13. Rg1 Ne5 14. f4 Nc4 15.
Bxc4 bxc4 16. Qd4 Bd7 17. O-O-O Rb8 18. Ne2 Qb7 19. e5 d5 20. Qc3 Be7 21. f5
exf5 22. e6 Bxe6 23. Qxg7 Kd7 24. Qc3 Rhg8 25. Nd4 Bd6 26. Nf3 Kc8 27. Ne5 Qc7
28. Bd4 1/2-1/2

[Event "Bulgaria tch 2005 femenino"]
[Site "Sunny Beach BUL"]
[Date "2005.09.30"]
[Round "7.4"]
[White "Savova, Stefka"]
[Black "Ilieva, Hristina"]
[Result "1/2-1/2"]
[WhiteElo "2211"]
[BlackElo "2137"]
[PlyCount "54"]
[EventDate "2005.09.26"]
[EventType "tourn"]
[EventRounds "9"]
[EventCountry "BUL"]
[Source "lmi"]
[SourceDate "2005.10.02"]

1. Nf3 Nf6 2. g3 g6 3. Bg2 Bg7 4. d3 d5 5. Nbd2 O-O 6. O-O Re8 7. e4 e5 8. Re1
Nc6 9. c3 h6 10. Qc2 dxe4 11. dxe4 Be6 12. b4 Nd7 13. a4 a5 14. b5 Ne7 15. Ba3
c5 16. Bf1 Nc8 17. Nc4 Bxc4 18. Bxc4 Ncb6 19. Nd2 Qc7 20. Rad1 Rad8 21. Qb3 Nf6
22. f3 Re7 23. Be2 Red7 24. Nc4 Nxc4 25. Bxc4 b6 26. Bc1 Bf8 27. Be3 Kg7
1/2-1/2

[Event "Bulgaria tch 2005 femenino"]
[Site "Sunny Beach BUL"]
[Date "2005.09.30"]
[Round "7.4"]
[White "Nikolova, Adriana"]
[Black "Videnova, Iva"]
[Result "1/2-1/2"]
[WhiteElo "2035"]
[BlackElo "2050"]
[PlyCount "36"]
[EventDate "2005.09.26"]
[EventType "tourn"]
[EventRounds "9"]
[EventCountry "BUL"]
[Source "lmi"]
[SourceDate "2005.10.02"]

1. e4 c5 2. Nf3 g6 3. c3 Nf6 4. e5 Nd5 5. Bc4 Nb6 6. Bb3 Bg7 7. O-O O-O 8. Re1
d6 9. d4 c4 10. Bc2 Nc6 11. Bf4 Nd5 12. Bg3 f5 13. exf6 Nxf6 14. Qe2 d5 15. Ne5
Nxe5 16. Bxe5 Bd7 17. Nd2 b5 18. h3 a5 1/2-1/2

[Event "Bulgaria tch 2005 femenino"]
[Site "Sunny Beach BUL"]
[Date "2005.10.01"]
[Round "8.1"]
[White "Ilieva, Hristina"]
[Black "Boneva, Zvezdelina"]
[Result "1/2-1/2"]
[WhiteElo "2137"]
[BlackElo "2010"]
[PlyCount "57"]
[EventDate "2005.09.26"]
[EventType "tourn"]
[EventRounds "9"]
[EventCountry "BUL"]
[Source "lmi"]
[SourceDate "2005.10.02"]

1. d4 d5 2. Nf3 Nf6 3. c4 e6 4. Nc3 Be7 5. Bg5 Nbd7 6. e3 b6 7. cxd5 exd5 8.
Be2 O-O 9. O-O Bb7 10. Rc1 Rc8 11. Qa4 a6 12. Rfd1 h6 13. Bxf6 Nxf6 14. b4 c6
15. Ne5 Qd6 16. Nd3 Rfe8 17. Qb3 Bd8 18. a4 Bc7 19. g3 Rcd8 20. Nc5 Bc8 21.
Nxa6 Bh3 22. Nb5 cxb5 23. Nxc7 Re7 24. Nxb5 Qe6 25. Bf3 Qf5 26. Bh1 Ne4 27. Qc2
Qg5 28. Nc3 f5 29. Nxe4 1/2-1/2

[Event "Bulgaria tch 2005 femenino"]
[Site "Sunny Beach BUL"]
[Date "2005.10.01"]
[Round "8.1"]
[White "Nedelcheva, Vania"]
[Black "Nikolova, Adriana"]
[Result "0-1"]
[WhiteElo "1705"]
[BlackElo "2035"]
[PlyCount "48"]
[EventDate "2005.09.26"]
[EventType "tourn"]
[EventRounds "9"]
[EventCountry "BUL"]
[Source "lmi"]
[SourceDate "2005.10.02"]

1. c4 c5 2. Nc3 e6 3. e3 Nf6 4. Nf3 Nc6 5. g3 b6 6. Bg2 Bb7 7. b3 Be7 8. Bb2
O-O 9. O-O d5 10. cxd5 exd5 11. d4 Rc8 12. Rc1 Ba6 13. Re1 c4 14. Bf1 b5 15. e4
Bb4 16. exd5 Nxd5 17. bxc4 bxc4 18. Ne5 Nce7 19. Nf3 Qa5 20. Qe2 Bb7 21. Nd2
Nxc3 22. Bxc3 Nd5 23. Bxb4 Nxb4 24. Qe3 Qd5 0-1

[Event "Bulgaria tch 2005 femenino"]
[Site "Sunny Beach BUL"]
[Date "2005.10.01"]
[Round "8.2"]
[White "Collas, Silvia"]
[Black "Petkova, Veneta"]
[Result "1-0"]
[WhiteElo "2372"]
[BlackElo "1952"]
[PlyCount "85"]
[EventDate "2005.09.26"]
[EventType "tourn"]
[EventRounds "9"]
[EventCountry "BUL"]
[Source "lmi"]
[SourceDate "2005.10.02"]

1. Nf3 e6 2. c4 d5 3. d4 Nf6 4. Nc3 Be7 5. Bg5 O-O 6. e3 c6 7. Qc2 Nbd7 8. a3
Re8 9. Rd1 dxc4 10. Bxc4 Nd5 11. Bxe7 Qxe7 12. O-O Nxc3 13. Qxc3 b5 14. Ba2 Bb7
15. e4 Rac8 16. b4 Nf6 17. Bb1 Qc7 18. Rfe1 Ra8 19. Qd3 g6 20. Rc1 Rec8 21. e5
Nd5 22. Ng5 Qe7 23. Ne4 a5 24. Qh3 axb4 25. axb4 Ra4 26. Rc5 Kg7 27. g4 Rh8 28.
Nd6 h5 29. Be4 hxg4 30. Qxg4 Ra3 31. Bxd5 cxd5 32. Re3 Ra1+ 33. Kg2 Rh4 34. Qg3
Rxd4 35. Rf3 Rdd1 36. Kh3 Rg1 37. Qf4 Rg5 (37... g5 $142 $14) 38. Qxf7+ Qxf7
39. Rxf7+ Kh6 40. Rxb7 Ra3+ 41. Kh4 Rh5+ 42. Kg4 g5 43. Rh7+ 1-0

[Event "Bulgaria tch 2005 femenino"]
[Site "Sunny Beach BUL"]
[Date "2005.10.01"]
[Round "8.3"]
[White "Voiska, Margarita"]
[Black "Zlatanova, Emilia"]
[Result "1-0"]
[WhiteElo "2328"]
[BlackElo "2147"]
[PlyCount "129"]
[EventDate "2005.09.26"]
[EventType "tourn"]
[EventRounds "9"]
[EventCountry "BUL"]
[Source "lmi"]
[SourceDate "2005.10.02"]

1. c4 Nf6 2. b3 g6 3. Bb2 Bg7 4. g3 c6 5. Bg2 d5 6. Nf3 O-O 7. O-O Nbd7 8. Qc2
Re8 9. Nc3 Nb6 10. cxd5 Nbxd5 11. a3 Nxc3 12. Bxc3 Qc7 13. Qb2 Bg4 14. Be5 Qc8
15. Rfc1 Nh5 16. Bxg7 Nxg7 17. d3 Bxf3 18. Bxf3 Rd8 19. b4 Qd7 20. Rc4 Ne6 21.
Bg4 Qd6 22. Rac1 Nd4 23. e3 Nf5 24. Bxf5 gxf5 25. Rd4 Qe6 26. Rc5 b6 27. Rcc4
Rxd4 28. Qxd4 Rc8 29. Qc3 f6 30. Qc2 Qd6 31. Rf4 e6 32. e4 fxe4 33. Rxe4 Rd8
34. Rg4+ Kh8 35. d4 Rg8 36. Rh4 Rg7 37. Qe4 Qd5 38. Qf4 Qd8 39. Qf3 Rc7 40. Re4
c5 41. dxc5 bxc5 42. bxc5 Rxc5 43. Rxe6 f5 44. Kg2 a5 45. h4 Qd5 46. Qxd5 Rxd5
47. Kf3 Kg7 48. Ke3 Rb5 49. Kf4 Rb2 50. f3 Rb3 51. Re5 Rxa3 52. Rxf5 a4 53. Ra5
Ra1 54. Ra7+ Kg6 55. Ra6+ Kg7 56. h5 a3 57. Kg5 h6+ 58. Kf5 a2 59. Ra7+ Kf8 60.
Kf6 Ke8 61. g4 Rf1 62. Rxa2 Rxf3+ 63. Kg6 Rf4 64. Rg2 Ra4 65. Kxh6 1-0

[Event "Bulgaria tch 2005 femenino"]
[Site "Sunny Beach BUL"]
[Date "2005.10.01"]
[Round "8.3"]
[White "Dimitrova, Leila"]
[Black "Djingarova, Emilia"]
[Result "1/2-1/2"]
[WhiteElo "2119"]
[BlackElo "2277"]
[PlyCount "53"]
[EventDate "2005.09.26"]
[EventType "tourn"]
[EventRounds "9"]
[EventCountry "BUL"]
[Source "lmi"]
[SourceDate "2005.10.02"]

1. e4 c5 2. Nf3 e6 3. c3 Nf6 4. d3 Nc6 5. Nbd2 Qc7 6. g3 d5 7. Bg2 Be7 8. O-O
O-O 9. Re1 dxe4 10. dxe4 e5 11. Qc2 b6 12. Nf1 Bb7 13. Bg5 Nd7 14. Ne3 Bxg5 15.
Nxg5 h6 16. Nd5 Qd6 17. Nf3 Ne7 18. Nxe7+ Qxe7 19. Rad1 Rfd8 20. Nh4 g6 21. Qe2
Nf6 22. f3 Rxd1 23. Rxd1 Rd8 24. Bf1 Rd6 25. Rxd6 Qxd6 26. Qd3 Qxd3 27. Bxd3
1/2-1/2

[Event "Bulgaria tch 2005 femenino"]
[Site "Sunny Beach BUL"]
[Date "2005.10.01"]
[Round "8.3"]
[White "Chilingirova, Pavlina"]
[Black "Draganova, Petranka"]
[Result "1-0"]
[WhiteElo "2200"]
[BlackElo "2069"]
[PlyCount "82"]
[EventDate "2005.09.26"]
[EventType "tourn"]
[EventRounds "9"]
[EventCountry "BUL"]
[Source "lmi"]
[SourceDate "2005.10.02"]

1. c4 c5 2. Nc3 b6 3. Nf3 Bb7 4. d4 cxd4 5. Qxd4 Nf6 6. e4 d6 7. Be2 e6 8. b3
Be7 9. O-O O-O 10. Ba3 Nc6 11. Qe3 d5 12. Bxe7 Nxe7 13. e5 Nf5 14. Qf4 Ne4 15.
Nxe4 dxe4 16. Rfd1 Qc7 17. Nd4 Nxd4 18. Rxd4 Rad8 19. Rad1 Rxd4 20. Rxd4 h6 21.
Rd6 Qc5 22. h4 a5 23. Bh5 Qc7 24. Qe3 Rd8 25. Qxb6 Qxb6 26. Rxb6 Rd7 27. a3 g6
28. Be2 Kf8 29. b4 axb4 30. axb4 Ke7 31. c5 Rc7 32. Bb5 Bd5 33. Rb8 Bc6 34.
Bxc6 Rxc6 35. Rb7+ Ke8 36. Kf1 Ra6 37. b5 Ra2 38. c6 Rb2 39. b6 Rc2 40. Rb8+
Ke7 41. c7 Kd7 1-0

[Event "Bulgaria tch 2005 femenino"]
[Site "Sunny Beach BUL"]
[Date "2005.10.01"]
[Round "8.4"]
[White "Andreeva, Plamena"]
[Black "Vladimirova, Maria"]
[Result "1-0"]
[WhiteElo "2072"]
[BlackElo "1953"]
[PlyCount "61"]
[EventDate "2005.09.26"]
[EventType "tourn"]
[EventRounds "9"]
[EventCountry "BUL"]
[Source "lmi"]
[SourceDate "2005.10.02"]

1. Nf3 Nf6 2. g3 d5 3. Bg2 c6 4. O-O Bg4 5. d3 Nbd7 6. Nbd2 e6 7. c4 Bd6 8. b3
O-O 9. Bb2 Qe7 10. Qc2 e5 11. e4 d4 12. h3 Bxf3 13. Nxf3 c5 14. Nh4 a6 15. f4
Nh5 16. Nf5 Qe6 17. Bf3 Ndf6 18. Qd1 g6 19. Nh6+ Kg7 20. f5 Qd7 21. Bc1 Nxg3
22. Rf2 Kh8 23. Bg5 Ngh5 24. Bxh5 Nxh5 {Diagram #} 25. Qxh5 f6 26. fxg6 hxg6
27. Nf7+ Kg7 28. Qh6+ Kxf7 29. Rxf6+ Ke8 30. Qxg6+ Rf7 31. Re6+ 1-0

[Event "Bulgaria tch 2005 femenino"]
[Site "Sunny Beach BUL"]
[Date "2005.10.01"]
[Round "8.4"]
[White "Vladimirova, Diana"]
[Black "Andreeva, Veronika"]
[Result "0-1"]
[WhiteElo "1771"]
[BlackElo "1905"]
[PlyCount "66"]
[EventDate "2005.09.26"]
[EventType "tourn"]
[EventRounds "9"]
[EventCountry "BUL"]
[Source "lmi"]
[SourceDate "2005.10.02"]

1. e4 c6 2. d4 d5 3. exd5 cxd5 4. g3 Nf6 5. Bg2 g6 6. Nf3 Nc6 7. h3 Bg7 8. O-O
O-O 9. Be3 Qb6 10. Qc1 Bd7 11. Nc3 Rfe8 12. Na4 Qc7 13. Nc5 Rad8 14. Bf4 Qc8
15. Kh2 Nxd4 16. Nxd4 Qxc5 17. Nb3 Qc8 18. Re1 Bf5 19. Qe3 b6 20. Nd4 h5 21.
Qa3 Ne4 22. Nxf5 Qxf5 23. f3 Nc5 24. Qxa7 e5 25. Bc1 Qxc2 26. Qxb6 Nd3 27. Rg1
Nxc1 28. Raxc1 Qa4 29. a3 e4 30. fxe4 Bd4 31. Qc6 Bxg1+ 32. Kxg1 Qxc6 33. Rxc6
dxe4 0-1